| 000 | 01788nam a2200493 c 4500 | ||
|---|---|---|---|
| 001 | 47509 | ||
| 003 | ES-MaCES | ||
| 005 | 20160425112508.0 | ||
| 008 | 160421s2014 sp ||| | spa d | ||
| 017 |
_aM 16195-2015 _bDL |
||
| 020 | _a9780889753136 | ||
| 040 |
_aES-MaCES _bspa _cES-MaCES |
||
| 041 | 1 |
_aspa _heng |
|
| 100 | 1 |
_aGwartney, James _914367 |
|
| 245 | 1 | 3 |
_aLa libertad económica en el mundo _b: informe anual 2014 _cJames Gwartney, Robert Lawson, Joshua Hall ; con la col. de, Rya Murphy ... [et al.] ; [trad., Ricardo López Casanueva] |
| 260 |
_aVancouver (Canadá) _bThe Fraser Institute _c[2014] |
||
| 300 |
_a262 p. _bgráf. _c28 cm |
||
| 500 | _aTraducción de: Economic freedom of the world : annual report 2014 | ||
| 504 | _aBibliografía: p. 208-209 | ||
| 541 | _cGratuito | ||
| 650 | 4 |
_alibertad _927176 |
|
| 650 | 4 |
_aeconomía de mercado _929377 |
|
| 650 | 4 |
_apolítica monetaria _928101 |
|
| 650 | 4 |
_aEstado _927203 |
|
| 650 | 4 |
_arégimen jurídico _929894 |
|
| 650 | 4 |
_apropiedad _927144 |
|
| 650 | 4 |
_acomercio internacional _927958 |
|
| 650 | 4 |
_aliberalización del intercambio _928000 |
|
| 650 | 4 |
_aindicador económico _927073 |
|
| 650 | 4 |
_apaís desarrollado _927091 |
|
| 650 | 4 |
_apaís en desarrollo _927092 |
|
| 650 | 4 |
_a1980-2012 _936226 |
|
| 650 | 4 |
_aevaluación _928893 |
|
| 650 | 4 |
_adatos estadísticos _930765 |
|
| 653 | 1 | 0 | _aEstadísticas económico-sociales |
| 700 | 1 |
_aLawson, Robert _916309 |
|
| 700 | 1 |
_aHall, Joshua _936800 |
|
| 700 | 1 |
_aMurphy, Ryan _ecol. _936801 |
|
| 710 | 2 |
_aFraser Institute _936774 _eed. |
|
| 740 | 0 | 2 | _aEconomic freedom of the world : annual report 2014 |
| 787 |
_tLa libertad económica en el mundo, informe anual 2001 _w(ES-MaCES)12965 |
||
| 902 | _aLIB Libro | ||
| 942 |
_2CES _cBK _h8.2. |
||
| 999 |
_c47509 _d47509 |
||